000 00485nam a2200193 a 4500
001 1771681179977
003 YourLibrary
005 20260221191139.0
008 260221s2004##################000#0#eng##
020 _a9780300097924
082 0 4 _a320.947
_bPRI
100 1 _aPrimakov, Evgeniĭ Maksimovich,
_eauthor.
245 1 0 _aRussian Crossroads :
260 _c2004.
300 _a337 pages
650 0 _aHistory.
942 _cENGLISH
040 _aYourLibrary
_beng
_cYourLibrary
999 _c615417
_d615417